Oral contracts need to be covered by the Construction Act (Record no. 76344)
[ view plain ]
| 000 -LEADER | |
|---|---|
| fixed length control field | 01609cab a2200253 4500 |
| 001 - CONTROL NUMBER | |
| control field | ##L132165 |
| 008 - FIXED-LENGTH DATA ELEMENTS--GENERAL INFORMATION | |
| fixed length control field | 060117n2006 000 0 eng u |
| 035 ## - SYSTEM CONTROL NUMBER | |
| System control number | (Sirsi) u132165 |
| 041 0# - LANGUAGE CODE | |
| Language code of text/sound track or separate title | eng |
| 100 1# - MAIN ENTRY--PERSONAL NAME | |
| Personal name | Rich, Marion |
| 245 00 - TITLE STATEMENT | |
| Title | Oral contracts need to be covered by the Construction Act |
| 260 ## - PUBLICATION, DISTRIBUTION, ETC. | |
| Date of publication, distribution, etc. | 2006 |
| 490 #0 - SERIES STATEMENT | |
| Series statement | New Steel Construction |
| Volume/sequential designation | 14(1) January 2006, 32-33(2) |
| 520 ## - SUMMARY, ETC. | |
| Summary, etc. | Argues for a change in the law so that part-oral and part-written contracts are included within the Housing Grants, Construction and Regeneration Act 1996 s107, which requires a contract to be evidenced in writing before the Act applies to it. In RJT Consulting Engineers Ltd v DM Engineering (Northern Ireland) Ltd ([2002] EWCA Civ 270, X118297), the court held that not merely the contract itself, but all its terms, have to be evidenced in writing. This has caused great difficulties in the industry, as many contracts are not fully reduced to writing. Although the Latham Review strongly recommended that s107 be amended so that part-written, part-oral contracts come within its scope, nothing has so far been done. |
| 590 ## - LOCAL NOTE (RLIN) | |
| Local note | IKA170106 |
| 650 24 - SUBJECT ADDED ENTRY--TOPICAL TERM | |
| Topical term or geographic name entry element | HOUSING GRANTS, CONSTRUCTION AND REGENERATION ACT 1996 |
| 650 24 - SUBJECT ADDED ENTRY--TOPICAL TERM | |
| Topical term or geographic name entry element | RJT CONSULTING ENGINEERS LTD V DM ENGINEERING (NORTHERN IRELAND) LTD |
| 650 24 - SUBJECT ADDED ENTRY--TOPICAL TERM | |
| Topical term or geographic name entry element | DEBECK DUCTWORK INSTALLATION LTD V T&E ENGINEERING LTD |
| 650 24 - SUBJECT ADDED ENTRY--TOPICAL TERM | |
| Topical term or geographic name entry element | GROVEDECK LTD V CAPITAL DEMOLITION LTD |
| 650 24 - SUBJECT ADDED ENTRY--TOPICAL TERM | |
| Topical term or geographic name entry element | LLOYD PROJECTS LTD V JOHN MALNICK |
| 650 24 - SUBJECT ADDED ENTRY--TOPICAL TERM | |
| Topical term or geographic name entry element | LATHAM REFORMS |
| 690 ## - LOCAL SUBJECT ADDED ENTRY--TOPICAL TERM (OCLC, RLIN) | |
| Topical term or geographic name as entry element | BUILT ENVIRONMENT-CONSTRUCTION MANAGEMENT-BUILDING CONTRACT ADMINISTRATION |
| 942 ## - ADDED ENTRY ELEMENTS (KOHA) | |
| Suppress in OPAC | 0 |
| Withdrawn status | Lost status | Source of classification or shelving scheme | Damaged status | Not for loan | Home library | Current library | Shelving location | Date acquired | Total Checkouts | Full call number | Barcode | Date last seen | Copy number | Price effective from | Koha item type |
|---|---|---|---|---|---|---|---|---|---|---|---|---|---|---|---|
| Dewey Decimal Classification | London | London | Journal article | 17/01/2006 | L132165 | 132165-1001 | 06/08/2019 | 1 | 06/08/2019 | Archive |